000 00493nam a2200181Ia 4500
001 7861
005 20260306160526.0
008 260306t2018||||xx |||||||||||||| ||spa||
041 _aESP
082 _a363.25
_bG26 V. 1
100 _aGarrido Genovés, Vicente
_eAUT
245 0 _aLa criminología forense y el informe criminológico:
_btratado de criminología forence
260 _c2018
300 _a732 páginas :
_c24 cm.
650 _aGEN
654 _aCDE
942 _cLIB
_dJUS
_fJUS
_2ddc
_n
999 _c7861
_d7861